<?xml version="1.0" encoding="UTF-8"?>
<record
    xmlns:xsi="http://www.w3.org/2001/XMLSchema-instance"
    xsi:schemaLocation="http://www.loc.gov/MARC21/slim http://www.loc.gov/standards/marcxml/schema/MARC21slim.xsd"
    xmlns="http://www.loc.gov/MARC21/slim">

  <leader>00907nam a22002654i 4500</leader>
  <datafield tag="999" ind1=" " ind2=" ">
    <subfield code="c">7915</subfield>
    <subfield code="d">7915</subfield>
  </datafield>
  <controlfield tag="001">991061120055506706</controlfield>
  <controlfield tag="003">OSt</controlfield>
  <controlfield tag="005">20240620160026.0</controlfield>
  <controlfield tag="008">240416t2024    spc           000 0 cat|c</controlfield>
  <datafield tag="017" ind1=" " ind2=" ">
    <subfield code="a">DL B 5629-2024</subfield>
    <subfield code="b">Biblioteca de Catalunya</subfield>
  </datafield>
  <datafield tag="020" ind1=" " ind2=" ">
    <subfield code="a">9788419719874</subfield>
  </datafield>
  <datafield tag="040" ind1=" " ind2=" ">
    <subfield code="a">ES-BaUPF</subfield>
    <subfield code="b">cat</subfield>
    <subfield code="e">rda</subfield>
    <subfield code="c">CDMR</subfield>
  </datafield>
  <datafield tag="041" ind1="1" ind2=" ">
    <subfield code="a">cat</subfield>
    <subfield code="h">spa</subfield>
  </datafield>
  <datafield tag="100" ind1="1" ind2=" ">
    <subfield code="a">Salvat-Papasseit, Joan,</subfield>
    <subfield code="d">1894-1924</subfield>
  </datafield>
  <datafield tag="245" ind1="1" ind2="0">
    <subfield code="a">Fum de f&#xE0;brica /</subfield>
    <subfield code="c">Joan Salvat-Papasseit ; traducci&#xF3; i edici&#xF3; de Jordi Mart&#xED; Font ; pr&#xF2;leg de Dolors Mar&#xED;n</subfield>
  </datafield>
  <datafield tag="264" ind1=" " ind2="1">
    <subfield code="a">Barcelona :</subfield>
    <subfield code="b">Manifest Llibres :</subfield>
    <subfield code="b">Lo Diable Gros,</subfield>
    <subfield code="c">2024</subfield>
  </datafield>
  <datafield tag="300" ind1=" " ind2=" ">
    <subfield code="a">217 p&#xE0;gines ;</subfield>
    <subfield code="c">17 cm</subfield>
  </datafield>
  <datafield tag="490" ind1="1" ind2=" ">
    <subfield code="a">El Martell ;</subfield>
    <subfield code="v">11</subfield>
  </datafield>
  <datafield tag="500" ind1=" " ind2=" ">
    <subfield code="a">T&#xED;tol original: Humo de f&#xE1;brica</subfield>
  </datafield>
  <datafield tag="505" ind1=" " ind2=" ">
    <subfield code="a">Recull d'articles period&#xED;stics, publicats principalment a la revista Los Miserables.</subfield>
  </datafield>
  <datafield tag="830" ind1=" " ind2="0">
    <subfield code="a">Martell ;</subfield>
    <subfield code="v">11</subfield>
  </datafield>
  <datafield tag="908" ind1=" " ind2=" ">
    <subfield code="a">CLR</subfield>
    <subfield code="a">UPF</subfield>
  </datafield>
  <datafield tag="940" ind1=" " ind2=" ">
    <subfield code="a">UPF</subfield>
  </datafield>
  <datafield tag="942" ind1=" " ind2=" ">
    <subfield code="2">udc</subfield>
    <subfield code="c">MON</subfield>
  </datafield>
  <datafield tag="952" ind1=" " ind2=" ">
    <subfield code="0">0</subfield>
    <subfield code="1">0</subfield>
    <subfield code="4">0</subfield>
    <subfield code="7">0</subfield>
    <subfield code="a">CDMR</subfield>
    <subfield code="b">CDMR</subfield>
    <subfield code="d">2024-06-20</subfield>
    <subfield code="e">Donaci&#xF3;</subfield>
    <subfield code="g">15.00</subfield>
    <subfield code="l">2</subfield>
    <subfield code="m">1</subfield>
    <subfield code="o">Du 5/58</subfield>
    <subfield code="p">CDMR24060011</subfield>
    <subfield code="q">2024-10-16</subfield>
    <subfield code="r">2024-09-03</subfield>
    <subfield code="s">2024-09-03</subfield>
    <subfield code="w">2024-06-20</subfield>
    <subfield code="y">MON</subfield>
  </datafield>
</record>
